LEADER 01149nam--2200361---450- 001 990000569010203316 035 $a0056901 035 $aUSA010056901 035 $a(ALEPH)000056901USA01 035 $a0056901 100 $a20010717d1992----km-y0itay0103----ba 101 $aeng 102 $aUS 105 $a||||||||001yy 200 1 $aEthics$ean international journal of social, political, and legal philosophy$eone hundred year index$eartical and discussion indexed by author$evolumes 1-100, October 1890-July 1990 210 $aChicago, Illinois$cUniversity of Chicago press$dc1992 215 $a61 p.$d23 cm 410 $12001 606 0 $aEthics $xIndici 676 $a051 801 0$aIT$bsalbc$gISBD 912 $a990000569010203316 951 $aFONDO$bLM$cFONDO 959 $aBK 969 $aUMA 979 $aPATTY$b90$c20010717$lUSA01$h1136 979 $aPATTY$b90$c20020312$lUSA01$h1146 979 $aPATTY$b90$c20020312$lUSA01$h1156 979 $aPATTY$b90$c20020312$lUSA01$h1157 979 $c20020403$lUSA01$h1706 979 $aPATRY$b90$c20040406$lUSA01$h1639 996 $aEthics$9308596 997 $aUNISA LEADER 01212nas 2200421-a 450 001 9910895956503321 005 20260218112601.0 035 $a(DE-599)ZDB2783001-9 035 $a(CKB)110979839330605 035 $a(CONSER)---84646961- 035 $a(DE-599)2783001-9 035 $a(EXLCZ)99110979839330605 100 $a20790402b19732009 --- a 101 0 $aeng 181 $ctxt$2rdacontent 182 $cc$2rdamedia 183 $acr$2rdacarrier 200 10$aFootnotes 210 $aWashington, D.C. $cAmerican Sociological Association 215 $a1 online resource 311 08$aPrint version: Footnotes (Washington, D.C.) 0749-6931 (DLC) 84646961 (OCoLC)4810374 517 3 $aFoot notes 517 1 $aA.S.A. footnotes 517 1 $aASA footnotes 531 $aASA FOOTNOTES 531 0 $aFootnotes 606 $aSociology$vPeriodicals 606 $aSociology$2fast$3(OCoLC)fst01123875 608 $aPeriodicals.$2fast 615 0$aSociology 615 7$aSociology. 676 $a301/.05 712 02$aAmerican Sociological Association, 906 $aJOURNAL 912 $a9910895956503321 920 $aexl_impl conversion 996 $aFootnotes$93392558 997 $aUNINA